000
00194 a2200097 4500
001
4465
100
_a
Pound,R.V
245
_a
Mirowave mixers
260
_a
_b
Mcgrawhill
_c
090
_c
3663
_d
3663
942
_a
NUST-CAE
_c
M
_c
29591
999
_c
239538
_d
239538